Sloboda versus kontrola v podniku

Teoretické východiská skúmanej problematiky. Klasická teória byrokracie podľa Maxa Webera. Porovnanie klasických (byrokratických) a nových (budúcich) organizačných štrukúr. Praktické využitie nových organizačných štruktúr demonštrované na troch prípadových štúdiách reálnych spoločností, kde sa vysve...

Descrizione completa

Salvato in:
Dettagli Bibliografici
Autore principale: Skorková, Zuzana, 1979-
Natura: Capitolo di libro
Lingua:slovacco
Soggetti:
Tags: Aggiungi Tag
Nessun Tag, puoi essere il primo ad aggiungerne!!

MARC

LEADER 00000naa$a2200000$$$4500
001 0248832
005 20240502083707.6
041 0 |a slo 
044 |a CZ 
245 1 0 |a Sloboda versus kontrola v podniku  |c Zuzana Skorková 
520 |a Teoretické východiská skúmanej problematiky. Klasická teória byrokracie podľa Maxa Webera. Porovnanie klasických (byrokratických) a nových (budúcich) organizačných štrukúr. Praktické využitie nových organizačných štruktúr demonštrované na troch prípadových štúdiách reálnych spoločností, kde sa vysvetľuje realizácia kontroly a aplikácia slobody v nových typoch organizačných štruktúr. Kontrola v spoločnosti Alaska Airlines. Kríza dôvery v spoločnosti RHD. Firma FAVI. 
610 2 0 |a vedenie podniku 
610 2 0 |a vedenie ľudí 
610 2 0 |a štruktúra organizačná 
610 2 0 |a hierarchia podniková 
610 2 0 |a kontrola 
610 2 0 |a sloboda 
610 2 0 |a byrokracia 
100 1 |a Skorková, Zuzana, 1979-